| 000 | 00825nam a2200205 a 4500 | ||
|---|---|---|---|
| 003 | 0 | ||
| 005 | 20250319140947.0 | ||
| 008 | 060802s19uu xx 00 eng d | ||
| 050 |
_aPGS BF 723.S62.P37 _b.Sa194 2006 |
||
| 100 | _aSanchez, Armand John P. | ||
| 245 |
_aThe effects of parental separation on the social skills of grade 5 and 6 students of SISC / _cArmand John P. Sanchez. |
||
| 260 |
_aLas PiƱas City, Philippines : _bSouthville International School and Colleges, _c2006. |
||
| 300 |
_a37 pages : _billustrations ; _c28 cm. |
||
| 504 | _aIncludes bibliographical references. | ||
| 650 |
_aChildren of divorced parents _vPsychology. |
||
| 650 | _aSocial skills in children. | ||
| 650 |
_aParental separation _vPsychological aspects. |
||
| 650 |
_aAcademic achievement _vFamily influences. |
||
| 942 |
_2lcc _cPASS |
||
| 999 |
_c97548 _d97548 |
||